Sustainability and its impact on major housing development (Record no. 72745)

MARC details
000 -LEADER
fixed length control field 00922cam a2200229 4500
001 - CONTROL NUMBER
control field ABS66710
008 - FIXED-LENGTH DATA ELEMENTS--GENERAL INFORMATION
fixed length control field 030523n2003 000 0 eng u
035 ## - SYSTEM CONTROL NUMBER
System control number (Sirsi) u122388
100 ## - MAIN ENTRY--PERSONAL NAME
Personal name Lawrence, T.
245 ## - TITLE STATEMENT
Title Sustainability and its impact on major housing development
260 ## - PUBLICATION, DISTRIBUTION, ETC.
Date of publication, distribution, etc. 2003
490 ## - SERIES STATEMENT
Series statement RICS Building Surveying Faculty Feature
Volume/sequential designation 2 May 2003 (2)
520 ## - SUMMARY, ETC.
Summary, etc. Attempts to give an impression of the likely impact of sustainability on major housing developments. The feature examines the requirements of PPG3 and warns that future government policies are likely to strengthen these. Notes that the Planning Bill will establish the principles of sustainability as law.
590 ## - LOCAL NOTE (RLIN)
Local note ABS
650 ## - SUBJECT ADDED ENTRY--TOPICAL TERM
Topical term or geographic name entry element PLANNING BILL
650 ## - SUBJECT ADDED ENTRY--TOPICAL TERM
Topical term or geographic name entry element PPG3
650 ## - SUBJECT ADDED ENTRY--TOPICAL TERM
Topical term or geographic name entry element SUSTAINABLE COMMUNITIES
650 ## - SUBJECT ADDED ENTRY--TOPICAL TERM
Topical term or geographic name entry element SUSTAINABLE CONSTRUCTION
650 ## - SUBJECT ADDED ENTRY--TOPICAL TERM
Topical term or geographic name entry element SUSTAINABLE HOUSING
690 ## - LOCAL SUBJECT ADDED ENTRY--TOPICAL TERM (OCLC, RLIN)
Topical term or geographic name as entry element HOUSING-DEVELOPMENT
942 ## - ADDED ENTRY ELEMENTS (KOHA)
Suppress in OPAC 0
Holdings
Withdrawn status Lost status Source of classification or shelving scheme Damaged status Not for loan Home library Current library Shelving location Date acquired Total Checkouts Full call number Barcode Date last seen Copy number Price effective from Koha item type
    Dewey Decimal Classification     London London Journal article 23/05/2003   ABS66710 122388-2001 06/08/2019 1 06/08/2019 Journal article
    Dewey Decimal Classification     Virtual Virtual Online 23/05/2003   ONLINE PUBLICATION 122388-1001 06/08/2019 1 06/08/2019 Journal article